000 01074nam a2200277 4500
005 20160726160913.0
008 260716b2014 e cao||| |||| 00| 0 spa d
020 _a9789942137616
040 _aCO-BoIAVH
_cCO-BoIAVH
041 1 _aspa
044 _ack
082 0 4 _a333.95160866
_bG21p
100 1 _aGarcía Saltos, Mario
_eautor
245 1 0 _aEl país de la biodiversidad: Ecuador /
260 _aQuito :
_bFundación Botánica de los Andes;
_bMinisterio del Ambiente de Ecuador;
_bFundación Ecofondo;
_c2014.
300 _a318 páginas :
_bilustraciones a color y fotografías a color ;
_c21 x 28 cm. +
_e9 afiches
504 _aIncluye referencias bibliográficas por capítulo
650 2 4 _aMegadiversidad
_xvaloración
_zEcuador
650 2 4 _aMegadiversidad
_xconservación
_zEcuador
650 2 4 _aEcosistemas
_zEcuador
651 1 6 _aEcuador
700 1 _aParra Puente, David
_eautor
700 1 _aMena Vásconez, Patricio
_eautor
700 1 _aZurita,Soledad
_eilustradora
942 _2ddc
_cLIBRO
999 _c18913
_d18913